| 000 | 00408nam a2200157Ia 4500 | ||
|---|---|---|---|
| 005 | 20250529014830.0 | ||
| 008 | 240331s9999 xx 000 0 und d | ||
| 020 | _a9555531889 | ||
| 082 |
_bAMA _a304 |
||
| 100 | _aAmarasekara, D | ||
| 245 | 0 | _aSri Lankawe samaja prashna | |
| 260 |
_aVarakapola _bAryan Publishers _c2001 |
||
| 300 | _a133 p ., | ||
| 500 | _aA book on Social issues in Sri Lanka | ||
| 942 | _cL | ||
| 999 |
_c1337 _d1337 |
||